Presencia española en Puebla, siglos XVI-XX / (Record no. 158327)

MARC details
000 -LEADER
fixed length control field 00777nam a22001937a 4500
005 - DATE AND TIME OF LATEST TRANSACTION
control field 20211025125822.0
008 - FIXED-LENGTH DATA ELEMENTS--GENERAL INFORMATION
fixed length control field 211025b mx ||||| |||| 00| 0 spa d
020 ## - INTERNATIONAL STANDARD BOOK NUMBER
International Standard Book Number 9688634786
050 04 - LIBRARY OF CONGRESS CALL NUMBER
Classification number F1391.P9.E8
Item number P74 2002
245 00 - TITLE STATEMENT
Title Presencia española en Puebla, siglos XVI-XX /
Statement of responsibility, etc Agustín Grajales, Lilian Illades, compiladores
250 ## - EDITION STATEMENT
Edition statement Primera edición
260 ## - PUBLICATION, DISTRIBUTION, ETC. (IMPRINT)
Place of publication, distribution, etc Puebla, Pue. :
Name of publisher, distributor, etc Benemérita Universidad Autónoma de Puebla, Instituto de Ciencias Sociales y Humanidades ;
-- Embajada de España en México,
Date of publication, distribution, etc 2002
300 ## - PHYSICAL DESCRIPTION
Extent 339 p. :
Other physical details ilustraciones,
Dimensions 23 cm.
650 #7 - SUBJECT ADDED ENTRY--TOPICAL TERM
Source of heading or term lemb
Topical term or geographic name as entry element Españoles
Geographic subdivision Puebla
General subdivision Historia
651 #7 - SUBJECT ADDED ENTRY--GEOGRAPHIC NAME
Source of heading or term lemb
Geographic name Puebla
General subdivision Historia
700 1# - ADDED ENTRY--PERSONAL NAME
Personal name Grajales, Agustin,
Relator term compilador
700 1# - ADDED ENTRY--PERSONAL NAME
Personal name Illades, Lilian,
Relator term compilador
942 ## - ADDED ENTRY ELEMENTS (KOHA)
Source of classification or shelving scheme Biblioteca del Cogreso de los Estados Unidos
Koha item type Libro
Holdings
Estado de pérdida Fuente de clasificación Estado del daño No para préstamo Ubicación permanente Ubicación actual Apartado o colección Fecha de adquisición Edición Dependencia de educación superior (DES) Área del conocimiento Total Checkouts Clasificación Código de Barras Date last seen Número de copia Costo por reposición Tipo de recurso
  Biblioteca del Cogreso de los Estados Unidos     Biblioteca del Instituto de Investigaciones Históricas Biblioteca del Instituto de Investigaciones Históricas General 25/10/2021 1a ed. Humanidades Ciencias Sociales y Administrativas   F1391.P9.E8 P74 2002 IIH000031356 25/10/2021 C:1 1.00 Libro
  Biblioteca del Cogreso de los Estados Unidos     Biblioteca del Instituto de Investigaciones Históricas Biblioteca del Instituto de Investigaciones Históricas General 25/10/2021 1a ed. Humanidades Ciencias Sociales y Administrativas   F1391.P9.E8 P74 2002 IIH000031357 25/10/2021 C:2 1.00 Libro